Detalles MARC
| 000 -LEADER |
| fixed length control field |
02639nam a2200505Ii 4500 |
| 001 - CONTROL NUMBER |
| control field |
DIGRENAC0022 |
| 003 - CONTROL NUMBER IDENTIFIER |
| control field |
NyNyDIG |
| 008 - FIXED-LENGTH DATA ELEMENTS--GENERAL INFORMATION |
| fixed length control field |
191021t20182016sp ob 000 0 spa d |
| 006 - FIXED-LENGTH DATA ELEMENTS--ADDITIONAL MATERIAL CHARACTERISTICS |
| fixed length control field |
m o d |
| 007 - PHYSICAL DESCRIPTION FIXED FIELD--GENERAL INFORMATION |
| fixed length control field |
cr ||||||||||| |
| 035 ## - SYSTEM CONTROL NUMBER |
| System control number |
(OCoLC)1124733911 |
| 040 ## - CATALOGING SOURCE |
| Original cataloging agency |
DGITA |
| Language of cataloging |
eng |
| Description conventions |
rda |
| -- |
pn |
| Transcribing agency |
DGITA |
| 020 ## - INTERNATIONAL STANDARD BOOK NUMBER |
| International Standard Book Number |
9788417266844 |
| Qualifying information |
(eBook ; |
| -- |
pdf) |
| 020 ## - INTERNATIONAL STANDARD BOOK NUMBER |
| International Standard Book Number |
8417266844 |
| Qualifying information |
(eBook ; |
| -- |
pdf) |
| 020 ## - INTERNATIONAL STANDARD BOOK NUMBER |
| Canceled/invalid ISBN |
9788416685936 |
| 020 ## - INTERNATIONAL STANDARD BOOK NUMBER |
| Canceled/invalid ISBN |
8416685932 |
| 050 14 - LIBRARY OF CONGRESS CALL NUMBER |
| Classification number |
PQ6073.M6 ebook |
| 082 04 - DEWEY DECIMAL CLASSIFICATION NUMBER |
| Classification number |
860.9112 |
| 100 1# - MAIN ENTRY--PERSONAL NAME |
| Personal name |
Bianchi, Marina, |
| Dates associated with a name |
1978- |
| Relator term |
author. |
| 240 10 - UNIFORM TITLE |
| Uniform title |
Essays. |
| Form subheading |
Selections (2016) |
| 245 10 - TITLE STATEMENT |
| Title |
De la modernidad a la postmodernidad : |
| Remainder of title |
vanguardia y neovanguardia en España / |
| Statement of responsibility, etc. |
Marina Bianchi. |
| 264 #1 - PRODUCTION, PUBLICATION, DISTRIBUTION, MANUFACTURE, AND COPYRIGHT NOTICE |
| Place of production, publication, distribution, manufacture |
Sevilla [Spain] : |
| Name of producer, publisher, distributor, manufacturer |
Renacimiento, |
| Date of production, publication, distribution, manufacture, or copyright notice |
[2018] |
| 264 #4 - PRODUCTION, PUBLICATION, DISTRIBUTION, MANUFACTURE, AND COPYRIGHT NOTICE |
| Date of production, publication, distribution, manufacture, or copyright notice |
©2016 |
| 300 ## - PHYSICAL DESCRIPTION |
| Extent |
1 online resource. |
| 336 ## - CONTENT TYPE |
| Content type term |
text |
| Content type code |
txt |
| Source |
rdacontent |
| 337 ## - MEDIA TYPE |
| Media type term |
computer |
| Media type code |
c |
| Source |
rdamedia |
| 338 ## - CARRIER TYPE |
| Carrier type term |
online resource |
| Carrier type code |
cr |
| Source |
rdacarrier |
| 347 ## - DIGITAL FILE CHARACTERISTICS |
| File type |
text file |
| Source |
rdaft |
| 347 ## - DIGITAL FILE CHARACTERISTICS |
| Encoding format |
PDF |
| 490 1# - SERIES STATEMENT |
| Series statement |
Colección Iluminaciones ; |
| Volume/sequential designation |
113 |
| 504 ## - BIBLIOGRAPHY, ETC. NOTE |
| Bibliography, etc. note |
Includes bibliographical references. |
| 505 0# - FORMATTED CONTENTS NOTE |
| Formatted contents note |
Génesis y contenido del volumen -- Modernidad, postmodernidad, vanguardia y neovanguardia -- Los poemas ultraístas de Juan Las -- José Maria Hinojosa: pionero del surrealismo en España -- Historia de un taxi de Concha Méndez Cuesta: un ensueño vanguardista -- Cuerpo y espíritu: la Eva moderna tiene algo más que cuidar -- la tragedia de la ferra vida: Maria Martínez Sierra contándose a si misma -- El silencio de la palabra en la poesía de Vicente Núñez -- Mythos y Lògos: leyendo los sofismas de Vicente Núñez desde la filosofía -- La heterodoxia en la poesía visual española del siglo XXI -- Notas hermenéuticas sobre Haia, de José de María Romero Barea. |
| 588 0# - SOURCE OF DESCRIPTION NOTE |
| Source of description note |
Online resource; title from PDF title page (Digitalia, viewed October 24, 2019) |
| 650 #0 - SUBJECT ADDED ENTRY--TOPICAL TERM |
| Topical term or geographic name entry element |
Spanish literature |
| Chronological subdivision |
20th century |
| General subdivision |
History and criticism. |
| 650 #0 - SUBJECT ADDED ENTRY--TOPICAL TERM |
| Topical term or geographic name entry element |
Modernism (Literature) |
| Geographic subdivision |
Spain |
| General subdivision |
History and criticism. |
| 650 #0 - SUBJECT ADDED ENTRY--TOPICAL TERM |
| Topical term or geographic name entry element |
Postmodernism (Literature) |
| Geographic subdivision |
Spain |
| General subdivision |
History and criticism. |
| 655 #0 - INDEX TERM--GENRE/FORM |
| Genre/form data or focus term |
Electronic books. |
| 791 2# - |
| -- |
Digitalia (Firm), |
| -- |
distributor. |
| 793 0# - |
| -- |
Digitalia eBook Collection: |
| -- |
Editorial Renacimiento |
| 776 08 - ADDITIONAL PHYSICAL FORM ENTRY |
| Relationship information |
Print version: |
| Main entry heading |
Bianchi, Marina, 1978- |
| Uniform title |
Essays. Selections (2016). |
| Title |
De la modernidad a la postmodernidad. |
| Place, publisher, and date of publication |
Sevilla : Renacimiento, [2016] |
| International Standard Book Number |
9788416685936 |
| Record control number |
(DLC) 2016502675 |
| -- |
(OCoLC)969817001 |
| 830 #0 - SERIES ADDED ENTRY--UNIFORM TITLE |
| Uniform title |
Iluminaciones ; |
| Volume/sequential designation |
113. |
| 856 40 - ELECTRONIC LOCATION AND ACCESS |
| Materials specified |
Digitalia Hispánica |
| Uniform Resource Identifier |
<a href="https://www.digitaliapublishing.com/a/56342/">https://www.digitaliapublishing.com/a/56342/</a> |
| 910 ## - USER-OPTION DATA (OCLC) |
| User-option data |
Premium collection: 2019 |
| 942 ## - ADDED ENTRY ELEMENTS (KOHA) |
| Koha item type |
Recurso Electrónico |